[Event "Tenerife-chT Primera"]
[Site "Tenerife"]
[Date "2021.03.13"]
[Round "3.3"]
[White "Aguirre Lorenzo, Luis Francisco"]
[Black "Cortes Cardenas, Giovanni"]
[Result "1-0"]
[WhiteElo "1794"]
[BlackElo "1440"]
[PlyCount "99"]
[EventDate "2021.02.27"]
[EventType "team-tourn"]
[EventRounds "14"]
[EventCountry "ESP"]
[SourceTitle "EXT 2023"]
[Source "ChessBase"]
[SourceDate "2022.10.05"]
[SourceVersion "1"]
[SourceVersionDate "2022.10.05"]
[SourceQuality "1"]
[WhiteTeam "Circulo de Amistad XII Enero"]
[BlackTeam "Al Shah Mat Los Realejos II"]
[WhiteTeamCountry "ESP"]
[BlackTeamCountry "ESP"]

1. d4 d5 2. Nf3 Nf6 3. c4 e6 4. Nc3 Nc6 5. Bg5 Be7 6. e3 h6 7. Bh4 Bd7 8. Bxf6 Bxf6 9. cxd5 Ne7 10. e4 Ng6 11. e5 Be7 12. Bc4 0-0 13. 0-0 a6 14. dxe6 Bxe6 15. Bxe6 fxe6 16. Qb3 Qc8 17. d5 Nf4 18. Nd4 exd5 19. Nxd5 Nxd5 20. Qxd5+ Kh8 21. Qe6 Bc5 22. Qxc8 Rfxc8 23. Rad1 Re8 24. Nf3 Rad8 25. a3 Bb6 26. Rfe1 Kg8 27. Kf1 Kf7 28. b4 Ke6 29. Nd2 c6 30. Nc4 Bc7 31. f4 Rxd1 32. Rxd1 Rf8 33. g3 g5 34. Rd4 b5 35. Nd6 Rd8 36. Ke2 Bxd6 37. Rxd6+ Rxd6 38. exd6 Kxd6 39. fxg5 hxg5 40. h4 gxh4 41. gxh4 c5 42. bxc5+ Kxc5 43. h5 b4 44. axb4+ Kxb4 45. h6 a5 46. h7 a4 47. h8Q a3 48. Qa1 Kb3 49. Qb1+ Ka4 50. Qa2 1-0

[Event "Tenerife-chT Segunda-A 1819"]
[Site "Tenerife"]
[Date "2018.11.24"]
[Round "1.2"]
[White "Cortes Cardenas, Giovanni"]
[Black "Martinez Martin, Antonio"]
[Result "1/2-1/2"]
[WhiteElo "1437"]
[BlackElo "1379"]
[PlyCount "23"]
[EventDate "2018.11.24"]
[EventType "team-tourn"]
[EventRounds "14"]
[EventCountry "ESP"]
[SourceTitle "CBM 189 Extra"]
[Source "ChessBase"]
[SourceDate "2019.06.03"]
[SourceVersion "1"]
[SourceVersionDate "2019.06.03"]
[SourceQuality "1"]
[WhiteTeam "Al Shah Mat Los Realejos"]
[BlackTeam "Playa San Juan"]
[WhiteTeamCountry "ESP"]
[BlackTeamCountry "ESP"]

1. d4 Nf6 2. c4 e5 3. d5 Bc5 4. Bg5 Ne4 5. Be3 Bxe3 6. fxe3 Qh4+ 7. g3 Nxg3 8. Nf3 Qh6 9. Rg1 Nxf1 10. Kxf1 e4 11. Ng5 f6 12. Nxe4 1/2-1/2

[Event "Tenerife-chT Segunda 1718"]
[Site "Tenerife"]
[Date "2018.01.13"]
[Round "6.2"]
[White "Mamani Beltran, Daniel"]
[Black "Cortes Cardenas, Giovanni"]
[Result "1-0"]
[WhiteElo "1497"]
[BlackElo "1444"]
[PlyCount "90"]
[EventDate "2017.11.11"]
[EventType "team-tourn"]
[EventRounds "14"]
[EventCountry "ESP"]
[SourceTitle "EXT 2019"]
[Source "ChessBase"]
[SourceDate "2018.10.10"]
[SourceVersion "1"]
[SourceVersionDate "2018.10.10"]
[SourceQuality "1"]
[WhiteTeam "Fundacion La Caja de Canarias"]
[BlackTeam "Al Shah Mat Los Realejos "]
[WhiteTeamCountry "ESP"]
[BlackTeamCountry "ESP"]

1. d4 d5 2. Nf3 Nf6 3. c4 Bg4 4. cxd5 Bxf3 5. gxf3 Nxd5 6. e4 Nf6 7. Nc3 c6 8. Be3 e6 9. a3 g6 10. Bg2 Bg7 11. 0-0 0-0 12. Qd2 Re8 13. e5 Nd5 14. Bh6 Nd7 15. Ne4 f6 16. Bxg7 Kxg7 17. Nd6 Re7 18. f4 Qb6 19. b4 f5 20. Rfc1 a6 21. Bxd5 exd5 22. a4 Nf8 23. a5 Qd8 24. Ra3 Ne6 25. Kh1 Rd7 26. Qe3 Qh4 27. Rg1 Qxf4 28. Qxf4 Nxf4 29. Nxf5+ Kh8 30. Ng3 Rf8 31. f3 Rdf7 32. Rf1 Ne6 33. Ne2 Rf5 34. h3 Nf4 35. Nxf4 Rxf4 36. Rd3 Re8 37. Kg2 g5 38. Kg3 Re6 39. Rg1 h6 40. Kf2 Kg7 41. Rg4 Rf5 42. f4 Kg6 43. Rf3 Kh5 44. Ke3 Re7 45. Rfg3 gxf4+ 1-0

[Event "Tenerife-chT Segunda 1718"]
[Site "Tenerife"]
[Date "2017.12.16"]
[Round "5.2"]
[White "Cortes Cardenas, Giovanni"]
[Black "Hernandez Perez, Javier"]
[Result "1/2-1/2"]
[WhiteElo "1444"]
[BlackElo "1579"]
[PlyCount "62"]
[EventDate "2017.11.11"]
[EventType "team-tourn"]
[EventRounds "14"]
[EventCountry "ESP"]
[SourceTitle "EXT 2019"]
[Source "ChessBase"]
[SourceDate "2018.10.10"]
[SourceVersion "1"]
[SourceVersionDate "2018.10.10"]
[SourceQuality "1"]
[WhiteTeam "Al Shah Mat Los Realejos "]
[BlackTeam "Benito"]
[WhiteTeamCountry "ESP"]
[BlackTeamCountry "ESP"]

1. d4 d5 2. c4 e6 3. Nc3 c6 4. Nf3 f5 5. cxd5 exd5 6. g3 Nf6 7. Bg5 Be7 8. Bg2 0-0 9. 0-0 Ne4 10. Bxe7 Qxe7 11. Ne5 Nd7 12. f4 Kh8 13. Nxd7 Bxd7 14. Nxe4 fxe4 15. e3 g5 16. Qh5 gxf4 17. Rxf4 Rxf4 18. gxf4 Rg8 19. Kh1 Bg4 20. Qe5+ Qxe5 21. fxe5 Rf8 22. Rf1 Kg7 23. Rxf8 Kxf8 24. Kg1 Ke7 25. Kf2 Kf7 26. Kg3 Be6 27. Bh3 Bxh3 28. Kxh3 c5 29. Kg3 cxd4 30. exd4 Kg6 31. h4 h5 1/2-1/2

[Event "Tenerife-ch Seniors"]
[Site "Santa Cruz de Tenerife"]
[Date "2016.01.20"]
[Round "3.3"]
[White "Garcia Lorenzo, Jaime"]
[Black "Cortes Cardenas, Giovanni"]
[Result "0-1"]
[WhiteElo "1218"]
[BlackElo "1631"]
[PlyCount "88"]
[EventDate "2016.01.15"]
[EventType "tourn"]
[EventRounds "7"]
[EventCountry "ESP"]
[SourceTitle "EXT 2024"]
[Source "ChessBase"]
[SourceDate "2023.10.10"]
[SourceVersion "1"]
[SourceVersionDate "2023.10.10"]
[SourceQuality "1"]

1. c4 c5 2. Nc3 Nc6 3. g3 e6 4. Bg2 Nf6 5. Nf3 Be7 6. 0-0 0-0 7. a3 d5 8. cxd5 exd5 9. d4 c4 10. Re1 h6 11. Ne5 Na5 12. Rb1 Nb3 13. e3 Be6 14. Nf3 Qd7 15. Nd2 Nxd2 16. Bxd2 a6 17. Na4 Qc6 18. Nc3 b5 19. b4 a5 20. e4 axb4 21. exd5 Nxd5 22. Nxd5 Bxd5 23. Bxd5 Qxd5 24. Rxe7 bxa3 25. Bb4 Rfd8 26. Bc3 a2 27. Ra1 Rdb8 28. Re5 Qd6 29. Qe1 b4 30. Bd2 b3 31. Ra5 Qxd4 32. Bc3 Qg4 33. Rxa8 Rxa8 34. Kg2 Qd7 35. Bb2 Qc6+ 36. Kg1 Re8 37. Qc3 f6 38. h4 Qd5 39. Qd4 Qxd4 40. Bxd4 Re2 41. Kf1 Rc2 42. Kg2 b2 43. Rxa2 b1Q 44. Ra1 Qb7+ 0-1

[Event "Santa Cruz de Tenerife op 26th"]
[Site "Santa Cruz de Tenerife"]
[Date "2015.12.29"]
[Round "9"]
[White "Cortes Cardenas, Giovanni"]
[Black "Diaz Reyes, Killian"]
[Result "1-0"]
[WhiteElo "1631"]
[BlackElo "1209"]
[PlyCount "65"]
[EventDate "2015.12.15"]
[EventType "swiss"]
[EventRounds "9"]
[EventCountry "ESP"]
[SourceTitle "CBM 170 Extra"]
[Source "ChessBase"]
[SourceDate "2016.02.25"]
[SourceVersion "1"]
[SourceVersionDate "2016.02.25"]
[SourceQuality "1"]

1. d4 d5 2. c4 e6 3. Nc3 Nf6 4. Bg5 Be7 5. Nf3 Nc6 6. e3 0-0 7. a3 a5 8. Bd3 h6 9. Bxf6 Bxf6 10. 0-0 Re8 11. Qc2 dxc4 12. Bxc4 b6 13. Rfd1 Bb7 14. Ne4 Qe7 15. Bb5 Qd7 16. Nxf6+ gxf6 17. Rac1 Qd5 18. Bxc6 Bxc6 19. Qxc6 Qb3 20. Qc3 Qb5 21. Nd2 Rec8 22. Ne4 Qf5 23. Ng3 Qg6 24. Qd3 Qg7 25. f4 f5 26. Rc6 Kh8 27. d5 exd5 28. Nxf5 Qxb2 29. Rxh6+ Kg8 30. Ne7+ Kg7 31. Qh7+ Kf8 32. Nxc8 Rxc8 33. Qh8+ 1-0

[Event "Santa Cruz de Tenerife op 26th"]
[Site "Santa Cruz de Tenerife"]
[Date "2015.12.22"]
[Round "6"]
[White "Ramos Aguilar, Jose Manuel"]
[Black "Cortes Cardenas, Giovanni"]
[Result "1-0"]
[WhiteElo "2052"]
[BlackElo "1631"]
[PlyCount "87"]
[EventDate "2015.12.15"]
[EventType "swiss"]
[EventRounds "9"]
[EventCountry "ESP"]
[SourceTitle "CBM 170 Extra"]
[Source "ChessBase"]
[SourceDate "2016.02.25"]
[SourceVersion "1"]
[SourceVersionDate "2016.02.25"]
[SourceQuality "1"]

1. d4 d5 2. Nf3 Nc6 3. c4 Bg4 4. cxd5 Bxf3 5. dxc6 Bxc6 6. Nc3 e6 7. e3 Nf6 8. f3 Be7 9. Be2 0-0 10. 0-0 Nd5 11. e4 Nxc3 12. bxc3 Bd7 13. Qb3 Rb8 14. Be3 b6 15. Rfd1 Qe8 16. a4 a5 17. Kh1 Kh8 18. Bf4 Bd6 19. e5 Be7 20. c4 Bb4 21. Bd3 Rg8 22. Bc2 g6 23. Qe3 Bf8 24. Bb3 Bg7 25. Ra2 Rb7 26. h3 c6 27. Bc2 Qc8 28. Be4 Re8 29. Rb1 Bf8 30. Bg5 Bg7 31. Rab2 Qc7 32. Qf4 Kg8 33. Bf6 Reb8 34. d5 cxd5 35. cxd5 exd5 36. Rc2 dxe4 37. Rxc7 Rxc7 38. Bxg7 Kxg7 39. e6 Rbb7 40. Qxf7+ Kh6 41. Qf8+ Kh5 42. exd7 Rxd7 43. Rb5+ Kh4 44. Qf4# 1-0

[Event "Santa Cruz de Tenerife op 26th"]
[Site "Santa Cruz de Tenerife"]
[Date "2015.12.16"]
[Round "2"]
[White "Cortes Cardenas, Giovanni"]
[Black "Mamani Beltran, Daniel"]
[Result "1-0"]
[WhiteElo "1631"]
[BlackElo "1094"]
[PlyCount "65"]
[EventDate "2015.12.15"]
[EventType "swiss"]
[EventRounds "9"]
[EventCountry "ESP"]
[SourceTitle "CBM 170 Extra"]
[Source "ChessBase"]
[SourceDate "2016.02.25"]
[SourceVersion "1"]
[SourceVersionDate "2016.02.25"]
[SourceQuality "1"]

1. d4 d5 2. c4 dxc4 3. Nc3 Nc6 4. d5 Ne5 5. Bf4 Ng6 6. Bg3 Nf6 7. e4 e5 8. Bxc4 Bg4 9. Nf3 Bb4 10. Qa4+ Bd7 11. Qxb4 c6 12. Nxe5 Nxe5 13. Bxe5 cxd5 14. Bxd5 Bc6 15. Bxc6+ bxc6 16. Rd1 Nd7 17. 0-0 c5 18. Qb3 a6 19. Qa4 Ra7 20. Bxg7 Rg8 21. Bh6 Qb6 22. Bc1 Qg6 23. g3 Qb6 24. Nd5 Qb5 25. Qc2 Rg6 26. Nf4 Rf6 27. Nh5 Rg6 28. Qc3 Kf8 29. Qh8+ Rg8 30. Bh6+ Ke7 31. Qxg8 Ne5 32. Qd8+ Ke6 33. Qd6# 1-0